000 00263nam a22000977a 4500
999 _c516596
_d516596
082 _aBA27X54 R314
100 _aAnandhi, S. (ed.)
_923131
245 _aRethinking social justice
_cedited by S. Anandhi
260 _aHyderabad
_bOrient BlackSwan
_c2020
300 _a334p.